00323nam a2200133Ia 4500008004100000041000800041082001200049100001300061245002800074250000700102260004200109300002900151365000900180240624s9999 xx 000 0 und d aeng a300 HIL aHILL SAM a60 TRENDS IN 60 MINUTES a11 c2002aNew JerseybJohn Wiley and Sons av, : 282 : p. : cm. ; 23 cb30